Akta dyktatora: Włodzimierz Lenin - Statystyki

Ogólne statystyki
  • Ten quiz został rozwiązany 1 529 razy
  • Średni wynik to 12 z 20
Statystyki odpowiedzi
Pytanie Odpowiedź % Poprawnych
Osoba, która zastąpiła Lenina na stanowisku przywódcy powyżej wymienionego państwa Józef Stalin
93%
Miasto, które nazywało się Leningrad w latach 1924–1991 Sankt Petersburg
93%
Państwo, którego Lenin został pierwszym przywódcą w 1922 r. Związek Radziecki
89%
Podaj nazwę państwa, które ogłosiło niepodległość od Rosji w latach 1917–1918 Białoruś | Estonia | Finlandia | Gruzja | Łotwa | Litwa | Polska | Ukraina
87%
Frakcja partii, z której pochodził (podpowiedź: zaczyna się na B) Bolszewicy
80%
Wojna, z której Lenin wyciągnął Rosję I wojna światowa
76%
Państwo, które odesłało Lenina z powrotem do Rosji w celu jej destabilizacji Niemcy
76%
Ostatni car Rosji, stracony w 1918 r. Mikołaj II
71%
Plac w Moskwie, na którym można oglądać zabalsamowane ciało Lenina Plac Czerwony
68%
Państwowy system obozów więziennych i pracy niewolniczej utworzony w 1918 r. Gułag
66%
Osoba, którego chciał Lenin na swojego następcę zamiast wyżej wymienionego Lew Trocki
65%
Armia, która walczyła przeciwko Leninowi podczas rosyjskiej wojny domowej {Biała} Armia
61%
Rodzaj katastrofy, która w latach 1921–1922 pochłonął życie ok. 5 milionów osób Głód
53%
Państwo, w którym mieszkał Lenin przed powrotem do Rosji w 1917 r. Szwajcaria
48%
Tajna policja założona w 1918 r. (zaczyna się na C) Czeka
44%
Kampania prześladowań politycznych, w wyniku której zginęło około 100 000–200 000 wrogów politycznych Czerwony {terror}
38%
Partia polityczna, której przewodził Rosyjska Komunistyczna Partia
38%
Grupa bogatych chłopów, których Lenin prześladował (podpowiedź: zaczyna się na K) Kułacy
33%
Prawdziwe imię Lenina Władimir Iljicz Uljanow
19%
Kobieta, która postrzeliła i zraniła Lenina w 1918 r. Fanny Kapłan
8%
Nie znaleziono quizów pasujących do podanych kryteriów
Rozkład punktacji
Procent ludzi z każdym wynikiem
Percentyl według liczby udzielonych odpowiedzi
Twoja historia wyników
Nie rozwiązałeś tego quizu